[Event "Qatar Masters op-A"]
[Site "Doha"]
[Date "2024.12.09"]
[Round "6"]
[White "Binu, Devdutt"]
[Black "Kamalidenova, Meruert"]
[Result "0-1"]
[WhiteElo "2274"]
[BlackElo "2378"]
[PlyCount "86"]
[EventDate "2024.12.03"]
[EventType "swiss"]
[EventRounds "9"]
[EventCountry "QAT"]
[SourceTitle "CB51_2024"]
[SourceDate "2024.12.18"]
[SourceVersion "1"]
[SourceVersionDate "2024.12.18"]
[SourceQuality "1"]

1. d4 Nf6 2. c4 g6 3. Nc3 Bg7 4. e4 d6 5. Nf3 0-0 6. Be2 e5 7. Be3 a5 8. 0-0 Bg4 9. dxe5 dxe5 10. Nxe5 Qxd1 11. Bxd1 Bxd1 12. Raxd1 Re8 13. Nf3 Na6 14. Nd2 Ng4 15. Bf4 Ne5 16. Bxe5 Bxe5 17. Ndb1 Nc5 18. f3 a4 19. g3 c6 20. Rd2 Kf8 21. Rfd1 Ra6 22. Rc1 Rb6 23. Nd1 Bf6 24. Ndc3 Rb4 25. Na3 g5 26. Re1 Rxb2 27. Rxb2 Bxc3 28. Rbb1 Bxe1 29. Rxe1 Rd8 30. Nb1 Rd4 31. Rc1 Nd3 32. Rd1 Rxc4 33. a3 Nb2 34. Rf1 b5 35. Kf2 c5 36. Ke3 Rc2 37. Nd2 b4 38. Ra1 Rc3+ 39. Ke2 Rxa3 40. Rc1 Rc3 41. Rxc3 bxc3 42. Nf1 Nc4 43. Kd3 a3 0-1

[Event "Titled Tuesday intern op 17th Sep Early"]
[Site "Chess,com INT"]
[Date "2024.09.17"]
[Round "5"]
[White "Perez Gormaz, Matias Ariel"]
[Black "Binu, Devdutt"]
[Result "1-0"]
[WhiteElo "2393"]
[BlackElo "2274"]
[PlyCount "39"]
[EventDate "2024.09.17"]
[EventType "swiss (blitz)"]
[EventRounds "11"]
[EventCountry "USA"]
[SourceTitle "EXT 2025"]
[Source "ChessBase"]
[SourceDate "2024.10.14"]
[SourceVersion "1"]
[SourceVersionDate "2024.10.14"]
[SourceQuality "1"]

1. e4 c6 2. d4 d5 3. e5 Bf5 4. h4 Qa5+ 5. Nd2 h5 6. c3 e6 7. Ne2 Nd7 8. Ng3 Bg6 9. Be2 Be7 10. f4 Qd8 11. f5 Bxh4 12. 0-0 Bxg3 13. fxg6 fxg6 14. Nf3 Ne7 15. Ng5 Nf5 16. Qd3 0-0 17. Rxf5 Rxf5 18. Qxg3 Qe7 19. Bd3 Raf8 20. Bb1 1-0

[Event "Titled Tuesday intern op 17th Sep Early"]
[Site "Chess,com INT"]
[Date "2024.09.17"]
[Round "2"]
[White "Shuvalov, Evgenij"]
[Black "Binu, Devdutt"]
[Result "0-1"]
[WhiteElo "1993"]
[BlackElo "2274"]
[PlyCount "52"]
[EventDate "2024.09.17"]
[EventType "swiss (blitz)"]
[EventRounds "11"]
[EventCountry "USA"]
[SourceTitle "EXT 2025"]
[Source "ChessBase"]
[SourceDate "2024.10.14"]
[SourceVersion "1"]
[SourceVersionDate "2024.10.14"]
[SourceQuality "1"]

1. d4 Nf6 2. c4 g6 3. Nc3 d5 4. cxd5 Nxd5 5. e4 Nxc3 6. bxc3 Bg7 7. Bc4 c5 8. Ne2 Nc6 9. Be3 0-0 10. Rc1 cxd4 11. cxd4 Na5 12. Bd3 b6 13. h4 h5 14. Qd2 Bb7 15. g4 Nc6 16. d5 Ne5 17. gxh5 Nf3+ 18. Kf1 Nxd2+ 19. Bxd2 gxh5 20. Rg1 e6 21. Bh6 Rc8 22. Rxc8 Qxc8 23. Bxg7 Rd8 24. Bf6+ Kf8 25. e5 Rxd5 26. Bh7 Rd1# 0-1

[Event "Titled Tuesday intern op 03rd Sep Early"]
[Site "Chess.com INT"]
[Date "2024.09.03"]
[Round "9"]
[White "Binu, Devdutt"]
[Black "Manukian, Artak"]
[Result "0-1"]
[WhiteElo "2274"]
[BlackElo "2104"]
[PlyCount "72"]
[EventDate "2024.09.03"]
[EventType "swiss (blitz)"]
[EventRounds "11"]
[EventCountry "USA"]
[SourceTitle "EXT 2025"]
[Source "ChessBase"]
[SourceDate "2024.10.14"]
[SourceVersion "1"]
[SourceVersionDate "2024.10.14"]
[SourceQuality "1"]

1. Nf3 g6 2. g3 Bg7 3. Bg2 e5 4. e4 c5 5. 0-0 Nc6 6. b3 d6 7. Bb2 Nf6 8. d3 0-0 9. Nbd2 b5 10. a4 b4 11. Nc4 a5 12. Nfd2 Bg4 13. f3 Be6 14. f4 Nd4 15. fxe5 dxe5 16. Nxe5 Nxe4 17. Nxe4 Bxe5 18. Nxc5 Bd5 19. Bxd5 Qxd5 20. Ne4 f5 21. Nd2 Rae8 22. Rb1 Ne2+ 23. Qxe2 Bd4+ 24. Qf2 Bxf2+ 25. Rxf2 Qc5 26. Nc4 Re2 27. d4 Qe7 28. Rbf1 Rxf2 29. Rxf2 Qe1+ 30. Kg2 Re8 31. Ne5 Qb1 32. Nd3 Rc8 33. d5 Rxc2 34. Bd4 Rxf2+ 35. Nxf2 Qxb3 36. d6 Qd5+ 0-1

[Event "Titled Tuesday intern op 03rd Sep Early"]
[Site "Chess.com INT"]
[Date "2024.09.03"]
[Round "1"]
[White "Binu, Devdutt"]
[Black "Slovineanu, Viacheslav"]
[Result "0-1"]
[WhiteElo "2274"]
[BlackElo "2412"]
[PlyCount "58"]
[EventDate "2024.09.03"]
[EventType "swiss (blitz)"]
[EventRounds "11"]
[EventCountry "USA"]
[SourceTitle "EXT 2025"]
[Source "ChessBase"]
[SourceDate "2024.10.14"]
[SourceVersion "1"]
[SourceVersionDate "2024.10.14"]
[SourceQuality "1"]

1. b3 Nf6 2. Bb2 e6 3. g3 d5 4. Bg2 Be7 5. e3 0-0 6. Ne2 b6 7. 0-0 Bb7 8. c4 Nbd7 9. d3 Qc8 10. Nd2 Rd8 11. Qc2 c5 12. d4 dxc4 13. Bxb7 Qxb7 14. Nxc4 Rac8 15. dxc5 Nxc5 16. Rad1 b5 17. Na5 Qb6 18. Rxd8+ Rxd8 19. b4 Nce4 20. Nc6 Re8 21. Bd4 Qc7 22. Nxe7+ Rxe7 23. Rc1 Qxc2 24. Rxc2 h5 25. f3 Ng5 26. Kg2 e5 27. Bc5 Rd7 28. h4 Ne6 29. Rc3 e4 0-1

[Event "Titled Tuesday intern op 03rd Sep Early"]
[Site "Chess.com INT"]
[Date "2024.09.03"]
[Round "8"]
[White "Buchenau, Frank"]
[Black "Binu, Devdutt"]
[Result "1/2-1/2"]
[WhiteElo "2190"]
[BlackElo "2274"]
[PlyCount "87"]
[EventDate "2024.09.03"]
[EventType "swiss (blitz)"]
[EventRounds "11"]
[EventCountry "USA"]
[SourceTitle "EXT 2025"]
[Source "ChessBase"]
[SourceDate "2024.10.14"]
[SourceVersion "1"]
[SourceVersionDate "2024.10.14"]
[SourceQuality "1"]

1. e4 c6 2. Nf3 d5 3. d3 e6 4. Nc3 Nf6 5. e5 Nfd7 6. d4 c5 7. dxc5 Nc6 8. Bf4 Bxc5 9. Bd3 h6 10. Bg3 b6 11. 0-0 Bb7 12. Re1 0-0 13. Ne2 Nb4 14. Ned4 Nxd3 15. cxd3 Qe7 16. h4 Bxd4 17. Nxd4 Nc5 18. b4 Na6 19. a3 Nc7 20. b5 a6 21. a4 axb5 22. axb5 Qc5 23. Qg4 Rxa1 24. Rxa1 Nxb5 25. Nxb5 Qxb5 26. Bf4 Kh7 27. Ra7 Qc6 28. Qf3 Ra8 29. Rxa8 Bxa8 30. Be3 Kg8 31. Qf4 b5 32. Qb4 Bb7 33. Qe7 Qc8 34. Bc5 Bc6 35. h5 Qe8 36. Qc7 Qd7 37. Qb8+ Qe8 38. Qd6 Qd7 39. Qf8+ Kh7 40. Qb8 Qe8 41. Qc7 Qd7 42. Qb8 Qe8 43. Qc7 Qd7 44. Qb8 1/2-1/2

[Event "Titled Tuesday intern op 03rd Sep Early"]
[Site "Chess.com INT"]
[Date "2024.09.03"]
[Round "3"]
[White "Colijn, Stefan"]
[Black "Binu, Devdutt"]
[Result "1-0"]
[WhiteElo "2299"]
[BlackElo "2274"]
[PlyCount "27"]
[EventDate "2024.09.03"]
[EventType "swiss (blitz)"]
[EventRounds "11"]
[EventCountry "USA"]
[SourceTitle "EXT 2025"]
[Source "ChessBase"]
[SourceDate "2024.10.14"]
[SourceVersion "1"]
[SourceVersionDate "2024.10.14"]
[SourceQuality "1"]

1. d4 Nf6 2. Bf4 g6 3. Nc3 d5 4. e3 Bg7 5. h4 h5 6. Nf3 Bf5 7. Ne5 c6 8. f3 Nbd7 9. Qd2 Nxe5 10. Bxe5 Qd7 11. 0-0-0 0-0-0 12. Na4 c5 13. Qa5 a6 14. Nb6# 1-0

[Event "Titled Tuesday intern op 03rd Sep Early"]
[Site "Chess.com INT"]
[Date "2024.09.03"]
[Round "7"]
[White "Kovacsy, Barnabas"]
[Black "Binu, Devdutt"]
[Result "1-0"]
[WhiteElo "2275"]
[BlackElo "2274"]
[PlyCount "101"]
[EventDate "2024.09.03"]
[EventType "swiss (blitz)"]
[EventRounds "11"]
[EventCountry "USA"]
[SourceTitle "EXT 2025"]
[Source "ChessBase"]
[SourceDate "2024.10.14"]
[SourceVersion "1"]
[SourceVersionDate "2024.10.14"]
[SourceQuality "1"]

1. e4 g6 2. d4 Bg7 3. Nf3 c6 4. Be2 d5 5. Nc3 dxe4 6. Nxe4 Nf6 7. Nxf6+ Bxf6 8. Bh6 c5 9. Bb5+ Bd7 10. Bc4 cxd4 11. Nxd4 Nc6 12. Be3 Nxd4 13. Bxd4 0-0 14. Bxf6 exf6 15. 0-0 Bc6 16. Qxd8 Raxd8 17. Rad1 Rfe8 18. Rfe1 Kg7 19. f3 f5 20. Kf2 Kf6 21. b4 Ba4 22. Bb3 Bxb3 23. axb3 Rxe1 24. Kxe1 Rc8 25. c4 Rc7 26. Kf2 Ke5 27. b5 b6 28. Ke3 f4+ 29. Kf2 f6 30. Rd5+ Ke6 31. h4 h6 32. Ke2 g5 33. h5 Rg7 34. Rd4 Ke5 35. Re4+ Kd6 36. b4 Kd7 37. Rd4+ Kc7 38. c5 Re7+ 39. Kd2 Re5 40. Rc4 Rd5+ 41. Kc3 bxc5 42. bxc5 Re5 43. Kb4 Re2 44. Rd4 Rxg2 45. c6 Rb2+ 46. Kc4 Rf2 47. Rd7+ Kc8 48. Rxa7 Rc2+ 49. Kd5 Re2 50. b6 Re3 51. Ra8# 1-0

[Event "Abu Dhabi Masters Online"]
[Site "Chess.com INT"]
[Date "2024.08.21"]
[Round "2"]
[White "Baradaran Tamadon, Arian"]
[Black "Binu, Devdutt"]
[Result "1-0"]
[WhiteElo "2304"]
[BlackElo "2223"]
[PlyCount "67"]
[EventDate "2024.08.21"]
[EventType "swiss (blitz)"]
[EventRounds "11"]
[EventCountry "UAE"]
[SourceTitle "CBM 221 Extra"]
[Source "ChessBase"]
[SourceDate "2024.09.30"]
[SourceVersion "1"]
[SourceVersionDate "2024.09.30"]
[SourceQuality "1"]

1. Nf3 Nf6 2. b3 g6 3. Bb2 Bg7 4. g3 b6 5. Bg2 Bb7 6. 0-0 c5 7. d3 d5 8. Nbd2 0-0 9. c4 d4 10. b4 Nbd7 11. Rb1 Qc7 12. a4 e5 13. Ba3 Rfe8 14. Qc2 e4 15. Ne1 e3 16. fxe3 Ng4 17. e4 Ne3 18. Qc1 f5 19. bxc5 Nxg2 20. cxb6 axb6 21. Nxg2 fxe4 22. Bb2 exd3 23. exd3 Bxg2 24. Kxg2 Nc5 25. Qc2 Re2+ 26. Rf2 Rxf2+ 27. Kxf2 Rf8+ 28. Nf3 Qf7 29. Qe2 g5 30. h3 h5 31. Kg2 Qf5 32. Bxd4 Bxd4 33. Nxd4 Nxd3 34. Nxf5 1-0

[Event "Abu Dhabi Masters Online"]
[Site "Chess.com INT"]
[Date "2024.08.21"]
[Round "4"]
[White "Binu, Devdutt"]
[Black "Babayeva, Nasrin"]
[Result "0-1"]
[WhiteElo "2223"]
[BlackElo "1920"]
[PlyCount "78"]
[EventDate "2024.08.21"]
[EventType "swiss (blitz)"]
[EventRounds "11"]
[EventCountry "UAE"]
[SourceTitle "CBM 221 Extra"]
[Source "ChessBase"]
[SourceDate "2024.09.30"]
[SourceVersion "1"]
[SourceVersionDate "2024.09.30"]
[SourceQuality "1"]

1. b3 e5 2. Bb2 Nc6 3. Nf3 d6 4. c4 f5 5. d3 Nf6 6. Nc3 Be7 7. e4 0-0 8. Be2 f4 9. d4 Bg4 10. d5 Bxf3 11. Bxf3 Nd4 12. Qd3 Qd7 13. Ne2 Nxf3+ 14. gxf3 Qh3 15. 0-0-0 a5 16. a4 Ra6 17. Rdg1 c6 18. dxc6 Rxc6 19. Nc3 Qh4 20. Nd5 Nxd5 21. Qxd5+ Kh8 22. Rg2 Rc5 23. Qd3 b5 24. axb5 a4 25. Ba3 Rc7 26. Bxd6 Bxd6 27. Qxd6 Rfc8 28. b6 Rc6 29. b7 axb3 30. bxc8Q+ Rxc8 31. c5 Ra8 32. Kb2 Qh3 33. Rhg1 Qxf3 34. Ra1 Qe2+ 35. Kc3 Qc2+ 36. Kb4 Rg8 37. c6 b2 38. Qd1 Qxd1 39. Rxd1 Rb8+ 0-1

[Event "Abu Dhabi Masters Online"]
[Site "Chess.com INT"]
[Date "2024.08.21"]
[Round "8"]
[White "Binu, Devdutt"]
[Black "Klaver, Cornelis"]
[Result "1-0"]
[WhiteElo "2223"]
[BlackElo "2072"]
[PlyCount "71"]
[EventDate "2024.08.21"]
[EventType "swiss (blitz)"]
[EventRounds "11"]
[EventCountry "UAE"]
[SourceTitle "CBM 221 Extra"]
[Source "ChessBase"]
[SourceDate "2024.09.30"]
[SourceVersion "1"]
[SourceVersionDate "2024.09.30"]
[SourceQuality "1"]

1. d4 Nf6 2. c4 e5 3. dxe5 Ng4 4. e4 Nxe5 5. Nc3 Bc5 6. Be2 0-0 7. Nf3 Nxf3+ 8. Bxf3 d6 9. 0-0 Nc6 10. b3 Nd4 11. Bb2 Be6 12. Nd5 Nxf3+ 13. Qxf3 Bxd5 14. Qg4 f6 15. exd5 Qc8 16. Qf3 Qd7 17. Qc3 a5 18. a3 Rfe8 19. b4 axb4 20. axb4 Rxa1 21. Rxa1 Bb6 22. c5 dxc5 23. bxc5 Qxd5 24. cxb6 cxb6 25. h3 h5 26. Rc1 Re2 27. Ba3 b5 28. Qf3 Qxf3 29. gxf3 Ra2 30. Bc5 Kf7 31. Rb1 Ra5 32. Bb6 Ra3 33. Kg2 Ke6 34. Rxb5 g5 35. Bc5 Kf5 36. Bxa3+ 1-0

[Event "Abu Dhabi Masters Online"]
[Site "Chess.com INT"]
[Date "2024.08.21"]
[Round "11"]
[White "Binu, Devdutt"]
[Black "Wyss, Jonas"]
[Result "0-1"]
[WhiteElo "2223"]
[BlackElo "2275"]
[PlyCount "98"]
[EventDate "2024.08.21"]
[EventType "swiss (blitz)"]
[EventRounds "11"]
[EventCountry "UAE"]
[SourceTitle "CBM 221 Extra"]
[Source "ChessBase"]
[SourceDate "2024.09.30"]
[SourceVersion "1"]
[SourceVersionDate "2024.09.30"]
[SourceQuality "1"]

1. d4 d5 2. c4 e6 3. Nf3 Nf6 4. Nc3 a5 5. Bf4 Na6 6. e3 Bb4 7. a3 Bxc3+ 8. bxc3 c5 9. Bd3 dxc4 10. Bxc4 Bd7 11. a4 Bc6 12. 0-0 0-0 13. Ne5 Nd5 14. Qc2 Nxf4 15. exf4 cxd4 16. Rfd1 Qf6 17. Rxd4 Nc5 18. Nd3 Nxd3 19. Bxd3 h6 20. Be4 Rac8 21. Bxc6 Rxc6 22. Qd2 Rfc8 23. Rc1 g6 24. g3 h5 25. h4 Rc4 26. Rxc4 Rxc4 27. Qb2 Qe7 28. Qb3 Qc7 29. Kh2 Qc6 30. Qb5 Rxa4 31. Qxc6 bxc6 32. Rb1 Rc4 33. Ra1 a4 34. Ra3 Kf8 35. Kg2 Ke7 36. Kf3 Kd6 37. Ke3 Kc5 38. Kd3 Kb5 39. Ra1 Rc5 40. Rb1+ Ka5 41. c4 e5 42. fxe5 Rxe5 43. Rb2 a3 44. Ra2 Ka4 45. Kd4 Rf5 46. Kc3 Rf3+ 47. Kd4 Kb3 48. Ra1 a2 49. Kc5 Kb2 0-1

[Event "Abu Dhabi Masters Online"]
[Site "Chess.com INT"]
[Date "2024.08.21"]
[Round "10"]
[White "Soham, Datar"]
[Black "Binu, Devdutt"]
[Result "1-0"]
[WhiteElo "2188"]
[BlackElo "2223"]
[PlyCount "101"]
[EventDate "2024.08.21"]
[EventType "swiss (blitz)"]
[EventRounds "11"]
[EventCountry "UAE"]
[SourceTitle "CBM 221 Extra"]
[Source "ChessBase"]
[SourceDate "2024.09.30"]
[SourceVersion "1"]
[SourceVersionDate "2024.09.30"]
[SourceQuality "1"]

1. e4 g6 2. c4 Bg7 3. Nc3 c5 4. g3 Nc6 5. Bg2 e6 6. Nge2 Nge7 7. h4 h5 8. d3 b6 9. Be3 Bb7 10. 0-0 0-0 11. d4 d6 12. d5 exd5 13. cxd5 Ne5 14. b3 f5 15. Bg5 Qd7 16. Rc1 fxe4 17. Nf4 Nf3+ 18. Bxf3 exf3 19. Qxf3 Nf5 20. Qd3 Qf7 21. Ne4 Rfe8 22. Rce1 a5 23. Ne6 Ba6 24. Qf3 Bxf1 25. Rxf1 Be5 26. Bc1 Ra7 27. N4g5 Qf6 28. Re1 Nd4 29. Qe4 Nxe6 30. dxe6 Rae7 31. Qd5 Bd4 32. Be3 Bxe3 33. Rxe3 Qd4 34. Qc6 d5 35. Qxb6 Qb4 36. Qd6 c4 37. Qxd5 c3 38. Qd3 Kg7 39. Re4 Qc5 40. Rc4 Qe5 41. Rxc3 Rb8 42. Rc4 Rb6 43. Re4 Qf6 44. Qe3 Rd6 45. Rf4 Qa1+ 46. Kg2 Qb2 47. Rf7+ Rxf7 48. exf7 Qf6 49. f8Q+ Qxf8 50. Qe5+ Qf6 51. Qxf6+ 1-0

[Event "Abu Dhabi Masters Online"]
[Site "Chess.com INT"]
[Date "2024.08.21"]
[Round "3"]
[White "Vijayalakshmi, Subbaraman"]
[Black "Binu, Devdutt"]
[Result "1-0"]
[WhiteElo "2332"]
[BlackElo "2223"]
[PlyCount "123"]
[EventDate "2024.08.21"]
[EventType "swiss (blitz)"]
[EventRounds "11"]
[EventCountry "UAE"]
[SourceTitle "CBM 221 Extra"]
[Source "ChessBase"]
[SourceDate "2024.09.30"]
[SourceVersion "1"]
[SourceVersionDate "2024.09.30"]
[SourceQuality "1"]

1. Nf3 Nf6 2. g3 g6 3. Bg2 Bg7 4. 0-0 0-0 5. c4 c6 6. Nc3 d5 7. d4 dxc4 8. Ne5 Ng4 9. Nxg4 Bxg4 10. h3 Be6 11. Be3 Bd5 12. Qc2 Bxg2 13. Kxg2 Na6 14. Rfd1 Nc7 15. Ne4 Qd5 16. f3 b5 17. Bf2 Ne6 18. Nc3 Qd7 19. d5 Nc7 20. e4 cxd5 21. Nxd5 Nxd5 22. Rxd5 Qb7 23. Rad1 Rfc8 24. b3 e6 25. Rd7 Rc7 26. Rd8+ Bf8 27. bxc4 Rxc4 28. Qb2 Rcc8 29. Qf6 Rxd8 30. Rxd8 Rxd8 31. Qxd8 Qe7 32. Qb8 a6 33. Be3 Kg7 34. Bd4+ f6 35. Qb6 Qd6 36. Qb7+ Be7 37. Be3 Kf7 38. h4 h5 39. Bb6 e5 40. Qxa6 Qd2+ 41. Bf2 Qd6 42. Qxb5 Qa3 43. Qd5+ Kg7 44. Qd7 Qd6 45. Qxd6 Bxd6 46. a4 Bc7 47. Bc5 Ba5 48. Kf2 Kf7 49. Ke3 Be1 50. Bb6 Ke6 51. a5 Kd7 52. a6 Kc8 53. g4 hxg4 54. fxg4 Bxh4 55. Kd3 Bg5 56. Kc4 Kb8 57. Kd5 Bf4 58. Ke6 Bg5 59. Bc5 Ka8 60. Be7 Bh4 61. Bxf6 Bg3 62. Bxe5 1-0

[Event "Titled Tuesday intern op 20th Aug Early"]
[Site "Chess.com INT"]
[Date "2024.08.20"]
[Round "10"]
[White "Binu, Devdutt"]
[Black "Bhavik, Ahuja"]
[Result "0-1"]
[WhiteElo "2223"]
[BlackElo "2213"]
[PlyCount "52"]
[EventDate "2024.08.20"]
[EventType "swiss (blitz)"]
[EventRounds "11"]
[EventCountry "USA"]
[SourceTitle "EXT 2025"]
[Source "ChessBase"]
[SourceDate "2024.10.14"]
[SourceVersion "1"]
[SourceVersionDate "2024.10.14"]
[SourceQuality "1"]

1. Nf3 f5 2. d4 Nf6 3. c4 e6 4. Nc3 d5 5. cxd5 exd5 6. Bf4 Bd6 7. e3 0-0 8. Be2 c6 9. 0-0 Ne4 10. Qb3 Kh8 11. Ne5 Nd2 12. Qc2 Nxf1 13. Rxf1 Qe7 14. Nd3 Nd7 15. Bxd6 Qxd6 16. Na4 Nf6 17. Nac5 Ne4 18. Nxe4 fxe4 19. Ne5 Bf5 20. Qb3 Qe7 21. f3 exf3 22. Bxf3 a5 23. Be2 a4 24. Qc3 Be4 25. Re1 Qh4 26. g3 Qh3 0-1

[Event "Titled Tuesday intern op 20th Aug Early"]
[Site "Chess.com INT"]
[Date "2024.08.20"]
[Round "9"]
[White "Seder, Mohamad"]
[Black "Binu, Devdutt"]
[Result "1-0"]
[WhiteElo "2116"]
[BlackElo "2223"]
[PlyCount "47"]
[EventDate "2024.08.20"]
[EventType "swiss (blitz)"]
[EventRounds "11"]
[EventCountry "USA"]
[SourceTitle "EXT 2025"]
[Source "ChessBase"]
[SourceDate "2024.10.14"]
[SourceVersion "1"]
[SourceVersionDate "2024.10.14"]
[SourceQuality "1"]

1. e4 e5 2. Nf3 Nc6 3. Bb5 a6 4. Ba4 Nf6 5. 0-0 b5 6. Bb3 Bc5 7. Re1 0-0 8. h3 d6 9. c3 h6 10. d4 Bb6 11. Be3 exd4 12. cxd4 Re8 13. Nc3 Na5 14. Bc2 Nc4 15. Bc1 Bb7 16. b3 Ba5 17. Qd3 Nxe4 18. Rxe4 Bxe4 19. Nxe4 Nb6 20. Neg5 hxg5 21. Qh7+ Kf8 22. Bxg5 f6 23. Bh6 gxh6 24. Nh4 1-0

[Event "Titled Tuesday intern op 20th Aug Early"]
[Site "Chess.com INT"]
[Date "2024.08.20"]
[Round "1"]
[White "Vlassov, Nikolai"]
[Black "Binu, Devdutt"]
[Result "0-1"]
[WhiteElo "2291"]
[BlackElo "2223"]
[PlyCount "60"]
[EventDate "2024.08.20"]
[EventType "swiss (blitz)"]
[EventRounds "11"]
[EventCountry "USA"]
[SourceTitle "EXT 2025"]
[Source "ChessBase"]
[SourceDate "2024.10.14"]
[SourceVersion "1"]
[SourceVersionDate "2024.10.14"]
[SourceQuality "1"]

1. e4 e5 2. Bc4 Nf6 3. d3 Nc6 4. Nf3 h6 5. 0-0 g6 6. Be3 Bg7 7. Qc1 d6 8. Nc3 Ng4 9. Bd2 Be6 10. Nd5 Nf6 11. h3 Qd7 12. Bxh6 Bxh6 13. Nxf6+ Ke7 14. Nxd7 Bxc1 15. Ndxe5 Nxe5 16. Raxc1 Nxf3+ 17. gxf3 Rxh3 18. Bxe6 Kxe6 19. Kg2 Rah8 20. Rh1 R3h4 21. Rxh4 Rxh4 22. Rh1 Rxh1 23. Kxh1 Ke5 24. Kg2 Kf4 25. d4 c5 26. c3 cxd4 27. cxd4 b5 28. b4 f6 29. a3 a6 30. d5 g5 0-1

[Event "Titled Tuesday intern op 13th Aug Early"]
[Site "Chess.com INT"]
[Date "2024.08.13"]
[Round "7"]
[White "Binu, Devdutt"]
[Black "Corredor Castellanos, Camilo"]
[Result "1-0"]
[WhiteElo "2223"]
[BlackElo "1974"]
[PlyCount "65"]
[EventDate "2024.08.13"]
[EventType "swiss (blitz)"]
[EventRounds "11"]
[EventCountry "USA"]
[SourceTitle "EXT 2025"]
[Source "ChessBase"]
[SourceDate "2024.10.14"]
[SourceVersion "1"]
[SourceVersionDate "2024.10.14"]
[SourceQuality "1"]

1. Nf3 d5 2. c4 dxc4 3. e3 Nf6 4. Bxc4 e6 5. Nc3 Be7 6. 0-0 0-0 7. b3 b6 8. Bb2 Bb7 9. d4 Nbd7 10. d5 exd5 11. Nxd5 Nxd5 12. Bxd5 Bxd5 13. Qxd5 Nf6 14. Qc6 Qd6 15. Rac1 Qxc6 16. Rxc6 Bd6 17. Bxf6 gxf6 18. Nd4 Rfd8 19. Nb5 Rac8 20. Rfc1 Ra8 21. g3 Kf8 22. Nxc7 Bxc7 23. Rxc7 Rd2 24. Rb7 Rxa2 25. Rcc7 Kg7 26. Rxf7+ Kg6 27. g4 Rh8 28. Kg2 h5 29. Rg7+ Kh6 30. gxh5 Kxh5 31. Rxa7 Rb2 32. Rg3 Rh6 33. Rag7 1-0

[Event "Titled Tuesday intern op 13th Aug Early"]
[Site "Chess.com INT"]
[Date "2024.08.13"]
[Round "9"]
[White "Binu, Devdutt"]
[Black "Gabdushev, Ruslan"]
[Result "1-0"]
[WhiteElo "2223"]
[BlackElo "2256"]
[PlyCount "51"]
[EventDate "2024.08.13"]
[EventType "swiss (blitz)"]
[EventRounds "11"]
[EventCountry "USA"]
[SourceTitle "EXT 2025"]
[Source "ChessBase"]
[SourceDate "2024.10.14"]
[SourceVersion "1"]
[SourceVersionDate "2024.10.14"]
[SourceQuality "1"]

1. b3 e5 2. Bb2 Nc6 3. Nf3 d6 4. c4 f5 5. Nc3 Nf6 6. d4 Be7 7. e3 0-0 8. Be2 Qe8 9. dxe5 dxe5 10. Nd5 Bd8 11. 0-0 a5 12. Qd2 e4 13. Nd4 Nxd4 14. Qxd4 c6 15. Nf4 Bc7 16. Nh5 Nxh5 17. Bxh5 Qe7 18. Be2 Be6 19. Rfd1 Rfd8 20. Qc3 Bd6 21. Rac1 Bb4 22. Qe5 Rxd1+ 23. Rxd1 Qf7 24. c5 Re8 25. Bh5 g6 26. Qh8# 1-0

[Event "Titled Tuesday intern op 13th Aug Early"]
[Site "Chess.com INT"]
[Date "2024.08.13"]
[Round "4"]
[White "Binu, Devdutt"]
[Black "Gomez Aguirre, Juan Alberto"]
[Result "0-1"]
[WhiteElo "2223"]
[BlackElo "2340"]
[PlyCount "46"]
[EventDate "2024.08.13"]
[EventType "swiss (blitz)"]
[EventRounds "11"]
[EventCountry "USA"]
[SourceTitle "EXT 2025"]
[Source "ChessBase"]
[SourceDate "2024.10.14"]
[SourceVersion "1"]
[SourceVersionDate "2024.10.14"]
[SourceQuality "1"]

1. Nf3 g6 2. g3 Bg7 3. Bg2 e5 4. e4 d6 5. 0-0 Nc6 6. b3 Nge7 7. Bb2 0-0 8. d4 Bg4 9. d5 Nb8 10. h3 Bc8 11. Ne1 f5 12. f4 fxe4 13. fxe5 Rxf1+ 14. Kxf1 dxe5 15. c4 Nf5 16. Nc2 Nxg3+ 17. Kf2 Qh4 18. Qe1 Bxh3 19. Bxh3 Qxh3 20. Ne3 Nc6 21. Ba3 Nd4 22. Nd2 Bh6 23. Ndf1 Nh1+ 0-1

[Event "Titled Tuesday intern op 13th Aug Early"]
[Site "Chess.com INT"]
[Date "2024.08.13"]
[Round "3"]
[White "Binu, Devdutt"]
[Black "Sos Andreu, Eric"]
[Result "0-1"]
[WhiteElo "2223"]
[BlackElo "2359"]
[PlyCount "86"]
[EventDate "2024.08.13"]
[EventType "swiss (blitz)"]
[EventRounds "11"]
[EventCountry "USA"]
[SourceTitle "EXT 2025"]
[Source "ChessBase"]
[SourceDate "2024.10.14"]
[SourceVersion "1"]
[SourceVersionDate "2024.10.14"]
[SourceQuality "1"]

1. d4 Nf6 2. c4 c5 3. d5 e6 4. Nc3 exd5 5. cxd5 d6 6. Nf3 g6 7. e4 Bg7 8. Be2 0-0 9. 0-0 Re8 10. Qc2 a6 11. a4 Bg4 12. h3 Bxf3 13. Bxf3 Nbd7 14. Bf4 Ne5 15. Be2 Rc8 16. Rfe1 c4 17. Bxe5 Rxe5 18. Bf1 Qb6 19. a5 Qa7 20. Ra4 Nd7 21. Rxc4 Rxc4 22. Bxc4 Qc5 23. Bf1 Qxa5 24. Qa4 Qc7 25. Qc4 Nc5 26. b4 b5 27. Qa2 Nd3 28. Bxd3 Qxc3 29. Qb1 Re8 30. Rc1 Qd2 31. Bf1 Bd4 32. Rc2 Bxf2+ 33. Kh1 Qd4 34. Qb2 Qxb2 35. Rxb2 Bd4 36. Re2 Rc8 37. g4 Rc4 38. Ra2 Rxb4 39. Rxa6 Be5 40. Kg2 Rb2+ 41. Kf3 b4 42. Rb6 Bd4 43. Bc4 Bxb6 0-1

[Event "Sitges op 48th"]
[Site "Sitges"]
[Date "2024.07.29"]
[Round "8"]
[White "Koziorowicz, Michal"]
[Black "Binu, Devdutt"]
[Result "1-0"]
[WhiteElo "2285"]
[BlackElo "2053"]
[PlyCount "115"]
[EventDate "2024.07.22"]
[EventType "swiss"]
[EventRounds "9"]
[EventCountry "ESP"]
[SourceTitle "CBM 221 Extra"]
[Source "ChessBase"]
[SourceDate "2024.09.30"]
[SourceVersion "1"]
[SourceVersionDate "2024.09.30"]
[SourceQuality "1"]

1. e4 e5 2. Nf3 Nc6 3. Nc3 Nf6 4. a4 d5 5. Bb5 Nxe4 6. Nxe5 Qf6 7. Nf3 Be6 8. 0-0 a6 9. Bxc6+ bxc6 10. Re1 Nxc3 11. dxc3 Bd6 12. Nd4 0-0 13. Nxc6 Bd7 14. Nd4 c5 15. Nf3 Bc6 16. Bg5 Qg6 17. Qd3 Qxd3 18. cxd3 Rab8 19. Be7 Bxe7 20. Rxe7 Rxb2 21. Rc7 Bxa4 22. Rxc5 Rb5 23. Rc7 h6 24. h4 Bc2 25. Rxa6 Bxd3 26. Raa7 Bf5 27. Nd4 Rb1+ 28. Kh2 Bd3 29. Nc6 Re1 30. Ne7+ Kh7 31. Nxd5 Re4 32. Kg3 Kg8 33. Nf4 Bc4 34. f3 Rxf4 35. Kxf4 Be6 36. Ra1 Rd8 37. Rc1 Rd2 38. Kg3 g5 39. hxg5 hxg5 40. c4 g4 41. fxg4 Rd4 42. c5 Rxg4+ 43. Kf3 Rg6 44. g3 Bd5+ 45. Kf4 Bc6 46. Rd1 Rf6+ 47. Kg5 Rg6+ 48. Kf5 Bf3 49. Rd6 Rxg3 50. Kf4 Rh3 51. Rd3 Bg2 52. Rxh3 Bxh3 53. c6 Kf8 54. Ra7 Ke8 55. Ke5 Bc8 56. Ra8 Kd8 57. Kd6 f5 58. c7+ 1-0